Statistics for #1 Singles of the 2010's (UK Chart Version)

Click here to take the quiz!

General Stats

  • This quiz has been taken 286 times
    (242 since last reset)
  • The average score is 150 of 245

Answer Stats

YearSongArtist% Correct
2017FeelsCalvin Harris feat. Pharrell Williams, Katy Perry and Big Sean
94%
2017PerfectEd Sheeran
94%
2014Thinking Out LoudEd Sheeran
94%
2014SingEd Sheeran
94%
2017Shape of YouEd Sheeran
94%
2019I Don't CareEd Sheeran and Justin Bieber
94%
2018RiverEminem feat. Ed Sheeran
94%
2010California GurlsKaty Perry feat. Snoop Dogg
94%
2019Take Me Back to LondonEd Sheeran feat. Stormzy
93%
2012Part of MeKaty Perry
93%
2013RoarKaty Perry
93%
2010TelephoneLady Gaga feat. Beyonce
93%
2019Beautiful PeopleEd Sheeran feat. Khalid
92%
2010Bad RomanceLady Gaga
92%
2018ShallowLady Gaga and Bradley Cooper
92%
2013The MonsterEminem feat. Rihanna
91%
2018thank u, nextAriana Grande
90%
20197 ringsAriana Grande
90%
2019break up with your girlfriend, i'm boredAriana Grande
90%
2010Nothin' On YouB.O.B. feat. Bruno Mars
90%
2015Uptown FunkMark Ronson feat. Bruno Mars
90%
2011What's My NameRihanna feat. Drake
90%
2011Price TagJessie J feat. B.O.B.
89%
2010Just the Way You AreBruno Mars
88%
2011GrenadeBruno Mars
88%
2011The Lazy SongBruno Mars
88%
2014Bang BangJessie J, Ariana Grande and Nicki Minaj
88%
2015What Do You MeanJustin Bieber
88%
2015SorryJustin Bieber
88%
2015Love YourselfJustin Bieber
88%
2013We Can't StopMiley Cyrus
88%
2013Wrecking BallMiley Cyrus
88%
2012DiamondsRihanna
88%
2010Only Girl (In The World)Rihanna
88%
2011We Found LoveRihanna feat. Calvin Harris
88%
2010OMGUsher feat. Will.i.Am
88%
2011What Makes You BeautifulOne Direction
87%
2015Drag Me DownOne Direction
87%
2012Little ThingsOne Direction
87%
2013One Way or Another (Teenage Kicks)One Direction
87%
2012Hall of FameThe Script feat. Will.i.Am
87%
2018PromisesCalvin Harris and Sam Smith
86%
2015Marvin GayeCharlie Puth feat. Meghan Trainor
86%
2013Scream & ShoutWill.i.Am feat. Britney Spears
86%
2011Someone Like YouAdele
85%
2015HelloAdele
85%
2013Get LuckyDaft Punk feat. Pharrell Williams
85%
2017Wild ThoughtsDJ Khaled feat. Rihanna and Bryson Tiller
85%
2012DominoJessie J
85%
2012PayphoneMaroon 5 feat. Wiz Khalifa
85%
2013La La LaNaughty Boy feat. Sam Smith
85%
2014HappyPharrell Williams
85%
2018One KissCalvin Harris and Dua Lipa
84%
2014All About That BassMeghan Trainor
84%
2015Lay Me DownSam Smith feat. John Legend
84%
2012Call Me MaybeCarly Rae Jepsen
83%
2017Despacito (Remix)Luis Fonsi and Daddy Yankee feat. Justin Bieber
83%
2014Stay With MeSam Smith
83%
2014Money on My MindSam Smith
83%
2017Too Good At GoodbyesSam Smith
83%
2015Writing's on the WallSam Smith
83%
2019SenoritaShawn Mendes and Camila Cabello
83%
2018God's PlanDrake
81%
2018Nice For WhatDrake
81%
2018In My FeelingsDrake
81%
2016One DanceDrake feat. Wizkid and Kyla
81%
2012WingsLittle Mix
81%
2016Shout Out to My ExLittle Mix
81%
2011CannonballLittle Mix
81%
2015Black MagicLittle Mix
81%
2012TroublemakerOlly Murs feat. Flo Rida
81%
2013Blurred LinesRobin Thicke, T.I. and Pharrell Williams
81%
2010AirplanesB.O.B. feat. Hayley Williams
80%
2017HavanaCamila Cabello feat. Young Thug
80%
2012TitaniumDavid Guetta feat. Sia
80%
2017I'm the OneDJ Khaled feat. Justin Bieber, Quavo, Chance the Rapper and Lil Wayne
79%
2017New RulesDua Lipa
79%
2013Thrift ShopMacklemore, Ryan Lewis and Wanz
79%
2016Cold WaterMajor Lazer feat. Justin Bieber and MO
79%
2013Wake Me UpAvicii
77%
2013BurnEllie Goulding
77%
2019RiverEllie Goulding
77%
2015Love Me Like You DoEllie Goulding
77%
2017Sign of the TimesHarry Styles
77%
2014It's My BirthdayWill.I.Am feat. Cody Wise
77%
2012This is LoveWill.i.Am feat. Eva Simons
77%
2014Rather BeClean Bandit feat. Jess Glynne
76%
2010Club Can't Handle MeFlo Rida feat. David Guetta
76%
2017Look What You Made Me DoTaylor Swift
76%
2012Sweet NothingCalvin Harris feat. Florence Welch
75%
2014BlameCalvin Harris feat. John Newman
75%
2016RockabyeClean Bandit feat. Sean Paul and Anne-Marie
75%
2019Old Town RoadLil Nas X
75%
2012Gangnam StylePsy
75%
2014SummerCalvin Harris
74%
2013Under ControlCalvin Harris and Alesso feat. Hurts
74%
2012Somebody That I Used to KnowGotye feat. Kimbra
74%
2013RoyalsLorde
74%
2012R.I.P.Rita Ora feat. Tinie Tempah
74%
2018These DaysRudimental feat. Jess Glynne, Macklemore and Dan Caplen
74%
2015See You AgainWiz Khalifa feat. Charlie Puth
74%
2011Party Rock AnthemLMFAO feat. Lauren Bennett and Goonrock
73%
2011Dance With Me TonightOlly Murs
73%
2010Please Don't Let Me GoOlly Murs
73%
2011Hearts Skips A BeatOlly Murs feat. Rizzle Kicks
73%
2018SoloClean Bandit feat. Demi Lovato
72%
2017SymphonyClean Bandit feat. Zara Larsson
72%
2019Someone You LovedLewis Capaldi
72%
2013MirrorsJustin Timberlake
70%
2016StitchesShawn Mendes
70%
2015Not Letting GoTinie Tempah feat. Jess Glynne
69%
2013Talk DirtyJason Derulo feat. 2 Chainz
68%
2013Counting StarsOneRepublic
68%
2010FirefliesOwl City
68%
2014Crazy Stupid LoveCheryl feat. Tinie Tempah
67%
2012ParadiseColdplay
67%
2010In My HeadJason Derulo
67%
2011Don't Wanna Go HomeJason Derulo
67%
2011On the FloorJennifer Lopez feat. Pitbull
67%
2011Read All About ItProfessor Green feat. Emili Sande
67%
2016PillowtalkZayn
67%
2012We Are YoungFun. feat. Janelle Monae
66%
2015Want to Want MeJason Derulo
66%
2011Give Me EverythingPitbull feat. Ne-Yo, Afrojack and Nayer
65%
2016CloserChainsmokers feat. Halsey
64%
2011Glad You CameThe Wanted
64%
2010All Time LowThe Wanted
64%
2014Lovers on the SunDavid Guetta feat. Sam Martin
63%
2012Hot Right NowDJ Fresh feat. Rita Ora
63%
2018ShotgunGeorge Ezra
63%
2010Forget YouCeeLo Green
62%
2012Good FeelingFlo Rida
62%
2019Vossi BopStormzy
62%
2014Tsunami (Jump)Dvbbs and Borgeous feat. Tinie Tempah
61%
2015Turn the Music Louder (Rumble)KDA feat. Tinie Tempah and Katy B
61%
2017RockstarPost Malone feat. 21 Savage
61%
2012How We Do (Party)Rita Ora
61%
2014I Will Never Let You DownRita Ora
61%
2012CandyRobbie Williams
61%
2010The Time (Dirty Bit)The Black Eyed Peas
61%
2010Pass OutTinie Tempah
61%
2010Written In The StarsTinie Tempah feat. Eric Turner
61%
2019Dance MonkeyTones & I
61%
2011Wherever You AreGareth Malone and the Military Wives Choir
60%
2015CheerleaderOmi
60%
2010DynamiteTaio Cruz
60%
2018I'll Be ThereJess Glynne
59%
2013ImpossibleJames Arthur
58%
2014Do They Know It's ChristmasBand Aid 30
57%
2010Gettin' OverDavid Guetta feat. Chris Willis
57%
2013Need U (100%)Duke Dumont feat. A*M*E
57%
2018Freaky FridayLil Dicky feat. Chris Brown
57%
2012Feel the LoveRudimental feat. John Newman
57%
2014Wake Me UpGareth Malone's All Star Choir
56%
2016Say You Won't Let GoJames Arthur
56%
20167 YearsLukas Graham
56%
2016I Took a Pill in IbizaMike Posner
56%
2011We R Who We RKe$ha
55%
2012Don't You Worry ChildSwedish House Mafia feat. John Martin
55%
2018Sweet but PsychoAva Max
54%
2018EastsideBenny Blanco, Halsey and Khalid
54%
2014RudeMAGIC!
54%
2010Promise ThisCheryl
52%
2012Call My NameCheryl
52%
2014I Don't CareCheryl
52%
2012Turn Up The MusicChris Brown
52%
2014ProblemAriana Grande feat. Iggy Azalea
51%
2011Swagger JaggerCher Lloyd
51%
2015Don't Be So Hard on YourselfJess Glynne
50%
2015Hold My HandJess Glynne
50%
2012Beneath Your BeautifulLabrinth feat. Emili Sande
50%
2014My LoveRoute 94 feat. Jess Glynne
50%
2010Beautiful MonsterNe-Yo
48%
2012Let Me Love You (Until You Learn to Love Yourself)Ne-Yo
48%
2011She Makes Me WannaJLS feat. Dev
47%
2010Love You MoreJLS
46%
2010The Club Is AliveJLS
46%
2013Love Me AgainJohn Newman
46%
2013Somewhere Only We KnowLily Allen
46%
2013I Love ItIcona Pop feat. Charli XCX
45%
2013Waiting All NightRudimental feat. Ella Eyre
45%
2013Lets Get Ready to RhumblePJ & Duncan
44%
2015KingYears & Years
44%
2014GhostElla Henderson
43%
2014She Looks So Perfect5 Seconds of Summer
42%
2018Three LionsDavid Baddiel, Frank Skinner and The Lightning Seeds
41%
2018We Built This CityLadBaby
39%
2019I Love Sausage RollsLadBaby
39%
2013AnimalsMartin Garrix
39%
2010ShoutShout For England feat. Dizzee Rascal and James Corden
39%
2011Changed the Way You Kissed MeExample
37%
2011Stay AwakeExample
37%
2011When We CollideMatt Cardle
37%
2010ReplayIyaz
36%
2014Prayer in CLilly Wood and Robin Schulz
36%
2015Fight SongRachel Platten
36%
2010Dirtee DiscoDizzee Rascal
35%
2014Am I WrongNico and Vinz
35%
2011All About TonightPixie Lott
35%
2014These DaysTake That
35%
2011Wishing on a StarX Factor Finalists
35%
2010HeroesX Factor Finalists
35%
2013I Could Be The OneAvicii vs Nicky Romero
34%
2012SpectrumFlorence & the Machine
34%
2014Me and My Broken HeartRixton
34%
2013What About UsThe Saturdays feat. Sean Paul
33%
2011No RegretsDappy
31%
2014Gecko (Overdrive)Oliver Heldens and Becky Hill
30%
2014The ManAloe Blacc
28%
2010The ClimbJoe McElderry
28%
2014WavesMr Probz
28%
2012YoungTulisa
28%
2018Funky FridayDave feat. Fredo
27%
2012SingGary Barlow and the Commonwealth Band
26%
2014HideawayKiesza
25%
2013SkyscraperSam Bailey
25%
2010This Ain't A Love SongScouting For Girls
25%
2014Nobody to LoveSigma
25%
2014ChangingSigma feat. Paloma Faith
25%
2012HeatwaveWiley feat. Ms D
25%
2011Don't Hold Your BreathNicole Scherzinger
24%
2010Start Without YouAlexandra Burke feat. Laza Morgan
23%
2011LouderDJ Fresh feat. Sian Evans
23%
2014I Got UDuke Dumont feat. Jax Jones
23%
2012TwilightCover Drive
22%
2015Easy LoveSigala
22%
2015Are You With MeLost Frequencies
20%
2017Bridge Over Troubled WaterArtists for Grenfell
19%
2014Something I NeedBen Haenow
19%
2015House Every WeekendDavid Zowie
19%
2010OnceDiana Vickers
19%
2012Bom BomSam & The Womp
19%
2010We No Speak AmericanoYolanda Be Cool vs DCUP
19%
2010Everybody HurtsHelping Haiti
17%
2010Good TimesRoll Deep
17%
2010Green LightRoll Deep
17%
2011Don't GoWretch 32 feat. Josh Kumra
16%
2012The Power of LoveGabrielle Aplin
14%
2015A Bridge Over YouLewisham & Greenwich NHS Choir
12%
2014I Wanna FeelSecondCity
12%
2013Look Right ThroughStorm Queen
12%
2013Get Up (Rattle)Bingo Players feat. Far East Movement
11%
2011Loca PeopleSak Noel
11%
2012He Ain't Heavy, He's My BrotherJustice Collective
10%
2011PromisesNero
10%

Score Distribution

Percentile by Number Answered

Percent of People with Each Score

Your Score History

You have not taken this quiz since the last reset